[Event "Weekend Accademia"]
[Site "Roma ITA"]
[Date "1996.??.??"]
[Round "2"]
[White "Sciannamea, Valerio"]
[Black "Petruccioli, Antonio"]
[Result "1-0"]
[WhiteElo "1719"]
[BlackElo "2007"]
[PlyCount "119"]
[EventDate "1996.??.??"]

1. e4 c5 2. Nf3 a6 3. Nc3 b5 4. d4 cxd4 5. Nxd4 Bb7 6. Bg5 h6 7. Bh4 Qa5 8. Nb3
Qb6 9. Be2 g5 10. Bg3 Bg7 11. Nd5 Bxd5 12. Qxd5 Nc6 13. c3 Nf6 14. Qd3 d6 15.
O-O h5 16. h3 b4 17. Nd4 Nxd4 18. cxd4 g4 19. h4 Nd7 20. Rad1 a5 21. e5 d5 22.
Kh2 O-O 23. Qf5 Qe6 24. Qxh5 f5 25. Bf4 Qf7 26. Qxf7+ Kxf7 27. Rc1 Rfc8 28.
Rxc8 Rxc8 29. Rc1 Rxc1 30. Bxc1 Kg6 31. Bb5 Nf8 32. Be8+ Kh7 33. Bf7 e6 34. Bg5
a4 35. Be7 b3 36. axb3 axb3 37. Bxf8 Bxf8 38. Bxe6 Kg6 39. Bxd5 Bh6 40. Bxb3
Bc1 41. h5+ Kxh5 42. e6 Bf4+ 43. Kg1 Bd6 44. Kf1 Kg5 45. Ke2 Kf6 46. Kd3 Ke7
47. Bd5 Bf4 48. Kc4 Kd6 49. b4 Bd2 50. Kb5 Bc3 51. Kc4 Be1 52. f3 gxf3 53. gxf3
Bd2 54. b5 Bg5 55. Kd3 Bd8 56. Bc4 Bg5 57. d5 Kc5 58. b6 Kd6 59. b7 Kc7 60. d6+
1-0

[Event "Weekend Accademia"]
[Site "Roma ITA"]
[Date "1996.??.??"]
[Round "2"]
[White "Simeone, Giulio"]
[Black "Giangregorio, Pasquale"]
[Result "1-0"]
[WhiteElo "1654"]
[BlackElo "1767"]
[PlyCount "71"]
[EventDate "1996.??.??"]

1. c4 c6 2. d4 d5 3. cxd5 cxd5 4. Qb3 Nf6 5. Nf3 Nc6 6. Nc3 e6 7. e3 Be7 8. Bd2
O-O 9. a3 Bd7 10. Bd3 Rc8 11. O-O Na5 12. Qa2 a6 13. Ne5 b5 14. Nxd7 Nxd7 15.
b3 Nf6 16. Rfc1 Qb6 17. Rab1 Rc7 18. a4 Nc6 19. Qa1 Nxd4 20. Nxd5 Nxd5 21. Qxd4
Qxd4 22. exd4 Rxc1+ 23. Rxc1 bxa4 24. bxa4 Ra8 25. a5 h6 26. Kf1 Nb4 27. Be2
Rd8 28. Rc4 Rb8 29. Bf4 Rb7 30. Rc8+ Kh7 31. Ra8 Nd5 32. Bd3+ g6 33. Be5 f6 34.
Bg3 Nb4 35. Bxa6 Nxa6 36. Rxa6 $139 1-0

[Event "Weekend Accademia"]
[Site "Roma ITA"]
[Date "1996.??.??"]
[Round "2"]
[White "Simeoni, Matteo"]
[Black "Verrascina, Nicola"]
[Result "1/2-1/2"]
[WhiteElo "1794"]
[BlackElo "2090"]
[PlyCount "59"]
[EventDate "1996.??.??"]

1. e4 Nf6 2. Nc3 d5 3. e5 Ne4 4. Nxe4 dxe4 5. d4 exd3 6. Bxd3 Nc6 7. f4 Qd5 8.
Qe2 Nd4 9. Qf2 Bf5 10. Bxf5 Nxf5 11. Qf3 O-O-O 12. Qxd5 Rxd5 13. Nf3 e6 14. g4
Nh6 15. h3 Bc5 16. Bd2 Rhd8 17. O-O-O f6 18. exf6 gxf6 19. Rhe1 R5d6 20. f5 Nf7
21. fxe6 Nh8 22. Bh6 Rxd1+ 23. Rxd1 Re8 24. Re1 Ng6 25. Bg7 Be7 26. Nd4 Ne5 27.
g5 Bb4 28. Rd1 c5 29. Nf5 Rxe6 30. Bxf6 1/2-1/2

[Event "Weekend Accademia"]
[Site "Roma ITA"]
[Date "1996.??.??"]
[Round "2"]
[White "Togni, Giampiero"]
[Black "Russo, Massimiliano"]
[Result "1-0"]
[WhiteElo "1710"]
[BlackElo "1576"]
[PlyCount "63"]
[EventDate "1996.??.??"]

1. Nf3 d5 2. c4 e6 3. g3 Nf6 4. Bg2 Be7 5. O-O O-O 6. b3 Bd7 7. Bb2 c5 8. Qc2
h6 9. e3 Nc6 10. a3 Qc8 11. Nc3 Rb8 12. Rac1 a6 13. Rfd1 b6 14. d4 b5 15. cxb5
axb5 16. dxc5 Bxc5 17. Nxd5 Nxd5 18. Qxc5 Qa6 19. b4 Rfc8 20. Nd4 Ncxb4 21. Nc6
Nxc6 22. Qd6 Rd8 23. e4 Nde7 24. Qc5 Ng6 25. Rd6 Rbc8 26. Qc3 e5 27. Qc5 Qb7
28. Qd5 Na5 29. Rxc8 Qxc8 30. Rxg6 Be6 31. Qxe5 fxg6 32. Qxg7# 1-0

[Event "Weekend Accademia"]
[Site "Roma ITA"]
[Date "1996.??.??"]
[Round "2"]
[White "Tosoni, Augusto"]
[Black "Failli, Riccardo"]
[Result "0-1"]
[WhiteElo "2008"]
[BlackElo "1684"]
[PlyCount "114"]
[EventDate "1996.??.??"]

1. e4 e5 2. Nf3 Nc6 3. Bb5 a6 4. Ba4 Nf6 5. O-O Be7 6. Re1 b5 7. Bb3 O-O 8. a4
Bb7 9. c3 d6 10. d4 Re8 11. Bxf7+ Kxf7 12. Qb3+ d5 13. dxe5 Na5 14. Qc2 Nxe4
15. Na3 b4 16. cxb4 Bxb4 17. Bd2 Bxd2 18. Nxd2 Qe7 19. Nxe4 dxe4 20. b4 Qxb4
21. Rab1 Qe7 22. Nc4 Qc5 23. Qd2 Nxc4 24. Qf4+ Kg8 25. Rxb7 Rf8 26. Qg3 Qxe5
27. Qxe5 Nxe5 28. Rc1 Rab8 29. Rbxc7 Nd3 30. Ra1 Nxf2 31. Rc6 e3 32. Rxa6 e2
33. Re6 Rb2 34. Re1 Nd3 35. R1xe2 Rxe2 36. Rxe2 Rc8 37. g3 Rc1+ 38. Kg2 Ra1 39.
Rd2 Nc5 40. Rd5 Nxa4 41. Ra5 Ra2+ 42. Kh3 Nc3 43. Re5 Ne2 44. Kg4 Ng1 45. Re1
Ra4+ 46. Kf5 Nf3 47. Rb1 g6+ 48. Ke6 Ra6+ 49. Kd5 Nxh2 50. Rb8+ Kg7 51. Rb7+
Kh6 52. Rb2 Ng4 53. Ke4 Nf6+ 54. Ke5 Kg5 55. Rb5 Nd7+ 56. Ke4+ Kg4 57. Ke3
57... Ra3+ $138 0-1

[Event "Weekend Accademia"]
[Site "Roma ITA"]
[Date "1996.??.??"]
[Round "2"]
[White "Vannelli, Vittorio"]
[Black "Sebasti, Alessandro"]
[Result "0-1"]
[WhiteElo "1633"]
[BlackElo "1564"]
[PlyCount "108"]
[EventDate "1996.??.??"]

1. d4 d5 2. c4 c6 3. cxd5 cxd5 4. Nf3 Nc6 5. Bf4 e6 6. Nc3 Nf6 7. e3 Bb4 8. Bd3
O-O 9. O-O Nh5 10. Qc2 Nxf4 11. Bxh7+ Kh8 12. exf4 Qf6 13. Bd3 Qxf4 14. Rae1
Bd6 15. Ne2 Qf6 16. a3 Bd7 17. Qd2 Qh6 18. Qxh6+ gxh6 19. Ng3 f5 20. Bb5 f4 21.
Ne2 Rg8 22. Nc3 Rae8 23. Bxc6 Bxc6 24. Ne5 Rg7 25. b4 a6 26. Nxc6 bxc6 27. Na4
f3 28. g3 Rg4 29. Re3 Rxd4 30. Rxf3 c5 31. bxc5 Be7 32. Nb6 Bxc5 33. Nd7 Be7
34. Re1 Rd8 35. Ne5 Re4 36. Rxe4 dxe4 37. Re3 Rd1+ 38. Kg2 Kg7 39. Rxe4 Bxa3
40. Nc4 Bb4 41. Rxe6 a5 42. Ra6 Ra1 43. Ne3 h5 44. Kh3 Ra2 45. f4 h4 46. Nf5+
Kf7 47. Nxh4 a4 48. Nf3 a3 49. Ne5+ Kg7 50. Kg4 Rxh2 51. f5 a2 52. f6+ Kg8 53.
Nd3 Bc3 54. Kg5 a1=Q 0-1

[Event "Weekend Accademia"]
[Site "Roma ITA"]
[Date "1996.??.??"]
[Round "3"]
[White "Abuhamdieh, Arafat"]
[Black "Piacentini, Carlo"]
[Result "1-0"]
[WhiteElo "1528"]
[BlackElo "1680"]
[PlyCount "89"]
[EventDate "1996.??.??"]

1. d4 Nf6 2. c4 g6 3. Nc3 d5 4. e3 Bg7 5. Be2 O-O 6. Nf3 c6 7. O-O Bg4 8. Qb3
b6 9. Bd2 Ne4 10. Rfd1 e6 11. h3 Bxf3 12. Bxf3 f5 13. cxd5 exd5 14. Bxe4 fxe4
15. Nxe4 Kh8 16. Ng3 a5 17. Qc2 Qf6 18. f4 Na6 19. Rf1 Qd6 20. Rf3 Rac8 21. Bc3
Rf7 22. Raf1 Nc7 23. f5 Rcf8 24. e4 dxe4 25. Qxe4 Nd5 26. fxg6 Rxf3 27. Rxf3
Rxf3 28. Qxf3 hxg6 29. Ne4 Qe7 30. Qg4 Kh7 31. Ng5+ Kg8 32. Qc8+ Bf8 33. Ne6
Kf7 34. Qxf8+ Qxf8 35. Nxf8 Kxf8 36. Kf2 Kf7 37. Bd2 Ke6 38. g4 Nf6 39. Kf3 Kd5
40. Kf4 Ne4 41. Be3 g5+ 42. Kf5 b5 43. Bxg5 Kxd4 44. Bf6+ Kd3 45. g5 1-0

[Event "Weekend Accademia"]
[Site "Roma ITA"]
[Date "1996.??.??"]
[Round "3"]
[White "Alimonti, Daniele"]
[Black "Vannelli, Vittorio"]
[Result "0-1"]
[WhiteElo "1516"]
[BlackElo "1633"]
[PlyCount "82"]
[EventDate "1996.??.??"]

1. f4 c5 2. Nf3 d6 3. e3 Nf6 4. b3 g6 5. Bb2 Bg7 6. Bd3 Nc6 7. O-O O-O 8. a3
Qc7 9. Nc3 a6 10. h3 e5 11. fxe5 dxe5 12. Ne4 Nxe4 13. Bxe4 Ne7 14. Bd3 Bxh3
15. Qe1 Bf5 16. e4 Be6 17. Ng5 h6 18. Nxe6 fxe6 19. Qg3 b5 20. Be2 Rf4 21. Rad1
Raf8 22. d3 h5 23. Bc1 Rxf1+ 24. Rxf1 Rxf1+ 25. Kxf1 Qd8 26. Be3 Qf8+ 27. Kg1
Qf7 28. Bxc5 Kh7 29. b4 Nc6 30. c3 Bh6 31. Be3 Bf4 32. Bxf4 exf4 33. Qf2 Ne5
34. c4 bxc4 35. dxc4 g5 36. c5 Kg6 37. a4 Qb7 38. b5 axb5 39. axb5 Qxe4 40. c6
Qb1+ 41. Qf1 41... Qb4 $138 0-1

[Event "Weekend Accademia"]
[Site "Roma ITA"]
[Date "1996.??.??"]
[Round "3"]
[White "Almonti, Alessandro"]
[Black "Simeoni, Matteo"]
[Result "0-1"]
[WhiteElo "1768"]
[BlackElo "1794"]
[PlyCount "54"]
[EventDate "1996.??.??"]

1. Nf3 f5 2. e4 fxe4 3. Ng5 Nf6 4. d3 e5 5. dxe4 c6 6. Nc3 Bb4 7. Bd2 d5 8. Bd3
O-O 9. h4 Qe8 10. Qe2 h6 11. Nh3 d4 12. Nb1 Bd6 13. a4 Qg6 14. g3 Nh5 15. Nf4
exf4 16. e5 Qf7 17. Bc4 Be6 18. Bxe6 Qxe6 19. exd6 Qxe2+ 20. Kxe2 Nd7 21. g4
Nhf6 22. Bxf4 Nxg4 23. Bg3 Rae8+ 24. Kd3 Rxf2 25. Bxf2 Nxf2+ 26. Kxd4 Nxh1 27.
Nd2 Ng3 0-1

[Event "Weekend Accademia"]
[Site "Roma ITA"]
[Date "1996.??.??"]
[Round "3"]
[White "Anella, Sandro"]
[Black "Quaglia, Ferdinando"]
[Result "0-1"]
[WhiteElo "1645"]
[BlackElo "1541"]
[PlyCount "92"]
[EventDate "1996.??.??"]

1. d4 d5 2. e3 Nf6 3. Bd3 g6 4. f4 Bg4 5. Nf3 e6 6. Nbd2 Nbd7 7. b3 c5 8. Bb2
Bg7 9. O-O O-O 10. Qe1 Nh5 11. h3 Bxf3 12. Rxf3 cxd4 13. g4 dxe3 14. Bxg7 exd2
15. Qxd2 Nxg7 16. Re1 Nc5 17. Bf1 Qb6 18. Kh1 Rac8 19. c4 Ne4 20. Qb2 Qc6 21.
Bd3 Rfd8 22. f5 Nc5 23. fxg6 Nxd3 24. gxh7+ Kxh7 25. Qb1 dxc4 26. Kg2 Kg8 27.
Ree3 cxb3 28. Qxb3 Qc2+ 29. Kg3 Qxb3 30. axb3 Nc5 31. b4 Na6 32. b5 Nc5 33. h4
Rd7 34. h5 Rcd8 35. h6 Rd3 36. Re5 Rxf3+ 37. Kxf3 Rd5 38. Re1 Nf5 39. gxf5
Rxf5+ 40. Kg4 Kh7 41. Ra1 a6 42. b6 Kxh6 43. Rd1 Rd5 44. Rc1 f5+ 45. Kf4 Kg6
46. Rg1+ Kf6 0-1

[Event "Weekend Accademia"]
[Site "Roma ITA"]
[Date "1996.??.??"]
[Round "3"]
[White "Barro, Carlo"]
[Black "Luna, Giovanni"]
[Result "1-0"]
[WhiteElo "1771"]
[BlackElo "1564"]
[PlyCount "117"]
[EventDate "1996.??.??"]

1. d4 g6 2. c4 Bg7 3. Nc3 Nf6 4. e4 d6 5. f3 O-O 6. Be3 a6 7. Bd3 Re8 8. Nge2
Nc6 9. Rc1 Nb4 10. Bb1 a5 11. O-O c6 12. a3 Na6 13. Qb3 Nc7 14. Na4 Nd7 15. Ba2
Rf8 16. c5 Nb5 17. Rfd1 Kh8 18. Nec3 Nxc3 19. bxc3 Rb8 20. Nb6 e6 21. Rb1 d5
22. e5 f5 23. c4 f4 24. Bf2 Rf5 25. cxd5 cxd5 26. Qc2 h5 27. Nxd7 Bxd7 28. Rb6
Bc6 29. Qc3 a4 30. Bb1 Rg5 31. Qe1 Qe8 32. Bh4 Bh6 33. Bxg5 Bxg5 34. Bd3 Bd8
35. Rb2 Ra8 36. Qd2 g5 37. Qc2 Qf8 38. Bg6 h4 39. Bh5 Ra7 40. Rdb1 Qg7 41. Qd3
Qg8 42. g3 hxg3 43. hxg3 fxg3 44. Kg2 Qf8 45. Rh1 b5 46. Be8+ Kg8 47. Bxc6 Rg7
48. Bxb5 Qf4 49. Bxa4 g4 50. Bd1 Bg5 51. Rb8+ Kf7 52. Rb7+ Be7 53. a4 Kg8 54.
a5 gxf3+ 55. Bxf3 Bg5 56. Rxg7+ Kxg7 57. Qh7+ Kf8 58. Qh8+ Kf7 59. Rh7+ 1-0

[Event "Weekend Accademia"]
[Site "Roma ITA"]
[Date "1996.??.??"]
[Round "3"]
[White "Boccia, Mattia Mario"]
[Black "Ragonese, Lucio Rosario"]
[Result "1/2-1/2"]
[WhiteElo "1534"]
[BlackElo "1902"]
[PlyCount "52"]
[EventDate "1996.??.??"]

1. Nf3 d5 2. d4 Nf6 3. c4 c6 4. Nc3 dxc4 5. a4 Bf5 6. e3 e6 7. Bxc4 Bb4 8. O-O
Nbd7 9. Nh4 Bg4 10. f3 Bh5 11. g4 Bg6 12. Nxg6 hxg6 13. Qe2 Bd6 14. Rf2 Nb6 15.
Bb3 Nfd5 16. a5 Nxc3 17. bxc3 Nd5 18. c4 Nf6 19. Bd2 Nh7 20. f4 Qh4 21. c5 Bc7
22. Qf3 Nf6 23. a6 Qxg4+ 24. Qxg4 Nxg4 25. axb7 Rd8 26. Rg2 Nf6 1/2-1/2

[Event "Weekend Accademia"]
[Site "Roma ITA"]
[Date "1996.??.??"]
[Round "3"]
[White "Buffoni, Luca"]
[Black "Catena, Marco"]
[Result "1/2-1/2"]
[WhiteElo "1708"]
[BlackElo "1630"]
[PlyCount "102"]
[EventDate "1996.??.??"]

1. e4 e6 2. d4 d5 3. exd5 exd5 4. Bd3 Bd6 5. Ne2 Nf6 6. O-O O-O 7. Bf4 Nc6 8.
c3 Re8 9. Bxd6 Qxd6 10. Nd2 Bg4 11. f3 Bh5 12. Ng3 Bg6 13. Bxg6 hxg6 14. Re1
Rxe1+ 15. Qxe1 Re8 16. Qf2 Qe6 17. Kf1 Qe3 18. Qxe3 Rxe3 19. Re1 Rxe1+ 20. Kxe1
Kf8 21. Ne2 g5 22. Kf2 Ne7 23. Nc1 Ng6 24. g3 Ke7 25. Nd3 Nd7 26. Nb3 b6 27.
Nd2 Kd6 28. Nf1 Ke6 29. Ne3 Ne7 30. b4 Nf5 31. Ng2 Kd6 32. b5 c6 33. bxc6 Kxc6
34. g4 Ne7 35. Ne3 Kd6 36. Kg3 Ke6 37. f4 gxf4+ 38. Nxf4+ Kd6 39. h4 Nf6 40.
Kf3 b5 41. a3 a5 42. g5 Ne4 43. Ne2 Nd2+ 44. Kg4 g6 45. Kf4 Ke6 46. Kg4 Nb1 47.
Nc2 Kd6 48. h5 gxh5+ 49. Kxh5 Ng8 50. Kg4 Ne7 51. Kf4 Nd2 1/2-1/2

[Event "Weekend Accademia"]
[Site "Roma ITA"]
[Date "1996.??.??"]
[Round "3"]
[White "Capezza, Marco"]
[Black "Sarrecchia, Maurizio"]
[Result "1-0"]
[WhiteElo "1762"]
[BlackElo "1576"]
[PlyCount "81"]
[EventDate "1996.??.??"]

1. d4 Nf6 2. c4 g6 3. Nc3 d5 4. Nf3 Bg7 5. Bf4 c5 6. dxc5 Qa5 7. cxd5 Nxd5 8.
Qxd5 Bxc3+ 9. Bd2 Bxd2+ 10. Qxd2 Qxd2+ 11. Nxd2 Bd7 12. e3 O-O 13. Be2 Nc6 14.
O-O Rfd8 15. Rfd1 Rac8 16. a3 Be6 17. Rac1 Ne5 18. Kf1 Nd3 19. Bxd3 Rxd3 20.
Ke2 Rd5 21. b4 a5 22. Nf3 axb4 23. axb4 Rxd1 24. Rxd1 Ra8 25. Rd4 Ra2+ 26. Nd2
Rb2 27. e4 f6 28. Kd3 g5 29. Kc3 Ra2 30. Rd8+ Kf7 31. Rb8 Ra3+ 32. Kb2 Ra2+ 33.
Kc1 Ra7 34. Nb1 Bd7 35. Nc3 Ra3 36. Kb2 Ra7 37. b5 h5 38. Kb3 h4 39. Kb4 g4 40.
b6 Ra6 41. Rxb7 1-0

[Event "Weekend Accademia"]
[Site "Roma ITA"]
[Date "1996.??.??"]
[Round "3"]
[White "De Blasio, Alessandro"]
[Black "Pieroni, Marco"]
[Result "0-1"]
[WhiteElo "1543"]
[BlackElo "1705"]
[PlyCount "50"]
[EventDate "1996.??.??"]

1. e4 c5 2. Nf3 Nc6 3. d4 cxd4 4. Nxd4 e5 5. Nb3 Be7 6. Nc3 Nf6 7. Bc4 a6 8. a4
O-O 9. Bg5 Nxe4 10. Bxe7 Nxc3 11. Bxd8 Nxd1 12. Bc7 Nxb2 13. Be2 d5 14. Nd2 Be6
15. Ra2 Nc4 16. Nxc4 dxc4 17. Rb2 Rfe8 18. Rxb7 Re7 19. Bf3 e4 20. Bxe4 Bd5 21.
Bd6 Rxb7 22. Bxd5 Rb1+ 23. Ke2 Re8+ 24. Kd2 Rxh1 25. Bxc6 Rd8 0-1

[Event "Weekend Accademia"]
[Site "Roma ITA"]
[Date "1996.??.??"]
[Round "3"]
[White "Failli, Riccardo"]
[Black "Sabatini, Mario"]
[Result "1/2-1/2"]
[WhiteElo "1684"]
[BlackElo "2085"]
[PlyCount "104"]
[EventDate "1996.??.??"]

1. e4 c6 2. Nf3 d5 3. Nc3 dxe4 4. Nxe4 Bg4 5. h3 Bh5 6. Bc4 e6 7. g4 Bg6 8. Ng3
Bd6 9. d4 Qc7 10. Rg1 Nf6 11. Bg5 Nbd7 12. Qe2 O-O-O 13. O-O-O h6 14. Bxf6 gxf6
15. Nd2 Nb6 16. Bd3 Bxd3 17. Qxd3 Nd5 18. Nde4 Nf4 19. Qf3 Nxh3 20. Rh1 Bf4+
21. Kb1 Ng5 22. Qa3 Qb6 23. Qe7 Bxg3 24. Nxg3 Rxd4 25. Qxf6 Rhd8 26. Rc1 Rd2
27. f4 Nf3 28. Qxf7 c5 29. f5 Nd4 30. Rxh6 Qb5 31. Rh7 Rd7 32. Qe8+ Kc7 33.
Qxd7+ Qxd7 34. Rxd7+ Kxd7 35. Ne4 Rg2 36. Nxc5+ Ke7 37. Re1 Rxg4 38. Nxe6 Nxf5
39. Nc5+ Kd6 40. Nxb7+ Kc7 41. Nc5 Ne3 42. a3 Nd5 43. Nd3 Rg2 44. c4 Nb6 45.
Nf4 Rd2 46. b3 Kd7 47. Kc1 Rf2 48. Rd1+ Kc6 49. Nd5 Nd7 50. Rd2 Rf3 51. Nb4+
Kc7 52. Nd5+ 52... Kc6 {...} 1/2-1/2

[Event "Weekend Accademia"]
[Site "Roma ITA"]
[Date "1996.??.??"]
[Round "3"]
[White "Farina, Saverio"]
[Black "Rossi De Gasperis, Pietro"]
[Result "1-0"]
[WhiteElo "2170"]
[BlackElo "1833"]
[PlyCount "116"]
[EventDate "1996.??.??"]

1. d4 Nf6 2. c4 e6 3. a3 b6 4. Nc3 Ba6 5. e4 d5 6. e5 Ng8 7. Nf3 Ne7 8. Bd3 Qd7
9. O-O dxc4 10. Be4 Nd5 11. Re1 c6 12. Bc2 Nxc3 13. bxc3 Bb7 14. Nd2 b5 15. Ne4
Na6 16. Bg5 h6 17. Qh5 Nc7 18. Re3 Nd5 19. Rf3 Rg8 20. Bh4 g6 21. Qg4 g5 22.
Bg3 O-O-O 23. Qh5 Qe8 24. Qxf7 Qxf7 25. Rxf7 Rd7 26. Rxd7 Kxd7 27. Kf1 Be7 28.
Ke2 Kc7 29. Kd2 Kd7 30. Bd1 c5 31. dxc5 Nf4 32. Nf6+ Bxf6 33. exf6 Rf8 34. a4
a6 35. axb5 axb5 36. Ra7 Kc8 37. Bxf4 gxf4 38. Bf3 Bxf3 39. gxf3 Rxf6 40. Rh7
e5 41. h4 Rc6 42. h5 Kd8 43. Kc2 Ke8 44. Rg7 Kf8 45. Rg6 Rxc5 46. Rxh6 Kg7 47.
Rg6+ Kh7 48. Rg5 Rd5 49. Kb2 Kh6 50. Rf5 Rd2+ 51. Ka3 Rxf2 52. Rxe5 Rxf3 53.
Kb4 Rh3 54. Rf5 f3 55. Rf7 Kxh5 56. Kxb5 Kg4 57. Kxc4 Kg3 58. Kd3 58... Kf2
$139 1-0

[Event "Weekend Accademia"]
[Site "Roma ITA"]
[Date "1996.??.??"]
[Round "3"]
[White "Galdelli, Fabiano"]
[Black "De Carolis, Maurizio"]
[Result "1/2-1/2"]
[WhiteElo "1738"]
[BlackElo "1555"]
[PlyCount "142"]
[EventDate "1996.??.??"]

1. e4 g6 2. d4 Bg7 3. Nc3 d6 4. Be3 Nf6 5. h3 c6 6. Qd2 h6 7. Be2 b5 8. a3 a6
9. f4 Bb7 10. Bf3 Nbd7 11. e5 Nd5 12. Nxd5 cxd5 13. exd6 exd6 14. Ne2 Nf6 15.
O-O Ne4 16. Qd3 Rc8 17. Bd2 Qc7 18. c3 f5 19. g4 Qc4 20. Qe3 O-O 21. Be1 Rce8
22. Qc1 Kh7 23. Qd1 Qc7 24. Ng3 Qe7 25. gxf5 gxf5 26. Bh5 Rd8 27. Qf3 Bc8 28.
Kh2 Rg8 29. a4 Bf6 30. Rg1 Bh4 31. axb5 axb5 32. Ra8 Bxg3+ 33. Bxg3 Rg7 34.
Raa1 Rdg8 35. Bf2 Nd2 36. Qxd5 Qe4 37. Rxg7+ Rxg7 38. Qxe4 Nxe4 39. Bh4 Bb7 40.
Rg1 Bd5 41. Rxg7+ Kxg7 42. Be1 Kf6 43. Kg1 Bc4 44. Bh4+ Kg7 45. Be7 Ng3 46. Bf3
d5 47. Bd1 Ne4 48. Kg2 Kf7 49. Bh4 Nd2 50. Be1 Nb3 51. Kg3 Kg6 52. Kh4 Na5 53.
Bh5+ Kf6 54. Be8 Kg7 55. Bd7 Kg6 56. Be8+ Kg7 57. Kg3 Nb7 58. b3 Bxb3 59. Bxb5
Nd6 60. Bd3 Kf6 61. Kh4 Bd1 62. Bd2 Bf3 63. Bc1 Bd1 64. Ba3 Ne4 65. Bb2 Nd6 66.
Kg3 Ke6 67. Kf2 Bb3 68. Ke3 Nc4+ 69. Bxc4 Bxc4 70. Kf2 Kf6 71. h4 h5 1/2-1/2

[Event "Weekend Accademia"]
[Site "Roma ITA"]
[Date "1996.??.??"]
[Round "3"]
[White "Galeno, Giorgio"]
[Black "De Vita, Gianni"]
[Result "0-1"]
[WhiteElo "1680"]
[BlackElo "2090"]
[PlyCount "56"]
[EventDate "1996.??.??"]

1. d4 d5 2. c4 Bf5 3. Nc3 e6 4. Bf4 Nc6 5. e3 Bb4 6. a3 Bxc3+ 7. bxc3 Nge7 8.
Nf3 O-O 9. Bd3 Na5 10. Bxf5 Nxf5 11. O-O Nxc4 12. g4 Nfd6 13. Ne5 f6 14. Nxc4
Nxc4 15. a4 e5 16. dxe5 fxe5 17. Bg3 e4 18. Qd4 c6 19. Rfb1 b6 20. h4 Qd7 21.
Qd1 Rf3 22. Kg2 Qxg4 23. Qd4 Nxe3+ 24. Qxe3 Rxe3 25. fxe3 Qf3+ 26. Kh2 Qxe3 27.
Rg1 Rf8 28. Rae1 Qxc3 0-1

[Event "Weekend Accademia"]
[Site "Roma ITA"]
[Date "1996.??.??"]
[Round "3"]
[White "Gardon, Ermanno"]
[Black "Ludovici, Roberto"]
[Result "1-0"]
[WhiteElo "1716"]
[BlackElo "1713"]
[PlyCount "70"]
[EventDate "1996.??.??"]

1. e4 c5 2. Nf3 d6 3. d4 cxd4 4. Nxd4 Nf6 5. Nc3 Nc6 6. f4 Qb6 7. Nb3 Bd7 8.
Qe2 Bg4 9. Qe3 Qxe3+ 10. Bxe3 g6 11. h3 Bd7 12. O-O-O Bg7 13. Be2 O-O 14. Rhe1
a6 15. g4 Ne8 16. Nd5 Be6 17. Nd4 Bxd5 18. exd5 Nb4 19. Bc4 Rc8 20. Bb3 Nf6 21.
Ne2 Nd7 22. a3 Nxc2 23. Bxc2 Rc7 24. Kb1 Rfc8 25. Rc1 Nf6 26. Bb3 Ne4 27. Rxc7
Rxc7 28. Rc1 Rd7 29. Rc8+ Bf8 30. f5 Kg7 31. Bd4+ f6 32. Nf4 Kf7 33. Ne6 Bh6
34. Be3 g5 35. Bc2 Ng3 1-0

[Event "Weekend Accademia"]
[Site "Roma ITA"]
[Date "1996.??.??"]
[Round "3"]
[White "Giangregorio, Pasquale"]
[Black "Pierangeli, Andrea"]
[Result "1-0"]
[WhiteElo "1767"]
[BlackElo "1750"]
[PlyCount "111"]
[EventDate "1996.??.??"]

1. c4 g6 2. g3 c6 3. e4 Bg7 4. Bg2 e5 5. Nc3 Na6 6. Nge2 Ne7 7. O-O O-O 8. d3
Nc7 9. Rb1 d6 10. h3 f5 11. f4 exf4 12. Bxf4 Ne6 13. Be3 Qc7 14. Qd2 Rf7 15.
Nf4 Nd4 16. b4 a6 17. a4 Bd7 18. Nce2 Nxe2+ 19. Nxe2 Rd8 20. Rfc1 Be6 21. Nf4
Qd7 22. Nxe6 Qxe6 23. Bg5 Rdf8 24. Rf1 Bd4+ 25. Kh2 fxe4 26. dxe4 Rxf1 27. Rxf1
Rxf1 28. Bxf1 Be5 29. b5 axb5 30. cxb5 Kg7 31. bxc6 Nxc6 32. Bh6+ Kf7 33. Qc2
Ke7 34. Bg5+ Kd7 35. h4 Qf7 36. Bb5 Qf3 37. Qg2 Qxg2+ 38. Kxg2 Kc7 39. Bf4 Nd4
40. Bc4 Kd7 41. a5 Ne6 42. Be3 Bc3 43. Bb6 h6 44. Bd5 Nd8 45. Be3 Bxa5 46. Bxh6
b5 47. g4 Bc3 48. h5 gxh5 49. gxh5 Ne6 50. Kf2 Ke7 51. Ke2 Bf6 52. Bd2 Bg5 53.
Bxe6 Bxd2 54. Kxd2 Kxe6 55. Kc3 Ke5 56. Kb4 1-0

[Event "Weekend Accademia"]
[Site "Roma ITA"]
[Date "1996.??.??"]
[Round "3"]
[White "Latini, Carlo"]
[Black "Marta, Daniele"]
[Result "1/2-1/2"]
[WhiteElo "1701"]
[BlackElo "1732"]
[PlyCount "74"]
[EventDate "1996.??.??"]

1. e4 e6 2. d4 d5 3. Nc3 Nf6 4. Bg5 dxe4 5. Nxe4 Be7 6. Nxf6+ Bxf6 7. Bxf6 Qxf6
8. Nf3 O-O 9. Bd3 Nd7 10. O-O e5 11. c3 b6 12. Be4 Rb8 13. Qc2 h6 14. Rfe1 exd4
15. Nxd4 Nc5 16. Nc6 Nxe4 17. Nxb8 Nc5 18. b4 Bf5 19. Qe2 Nd3 20. Red1 Rxb8 21.
Rxd3 Bxd3 22. Qxd3 Rd8 23. Qc2 Qd6 24. g3 Qd2 25. Rc1 Kf8 26. Kf1 Rd3 27. Kg2
Ke7 28. b5 Kd6 29. a4 Qxc2 30. Rxc2 Kc5 31. Re2 Rxc3 32. Re7 Kb4 33. Rxf7 Kxa4
34. Rxg7 Kxb5 35. f4 a5 36. f5 a4 37. Rg8 Rc6 1/2-1/2

[Event "Weekend Accademia"]
[Site "Roma ITA"]
[Date "1996.??.??"]
[Round "3"]
[White "Laudati, Adriano"]
[Black "Macchia, Giovanni"]
[Result "1-0"]
[WhiteElo "1870"]
[BlackElo "1657"]
[PlyCount "97"]
[EventDate "1996.??.??"]

1. e4 c6 2. Nc3 d5 3. Qf3 e6 4. d4 dxe4 5. Nxe4 Nd7 6. Bd3 Ngf6 7. Bg5 Be7 8.
O-O-O Nxe4 9. Bxe7 Qxe7 10. Bxe4 Nf6 11. Bxc6+ Bd7 12. Bxd7+ Qxd7 13. Qa3 Rc8
14. f3 a6 15. Ne2 Nd5 16. Kb1 Ne7 17. Nc3 O-O 18. Rhe1 Nd5 19. Nxd5 Qxd5 20.
Re5 Qc4 21. Qd3 Rfd8 22. Qxc4 Rxc4 23. c3 Rd6 24. Kc2 Rc8 25. Rc5 Rcd8 26. Re1
R8d7 27. Rc8+ Rd8 28. Rxd8+ Rxd8 29. Re5 Kf8 30. Rc5 Rd7 31. b4 Ke7 32. a4 f6
33. f4 h6 34. h4 f5 35. Kd3 Kf6 36. Ke3 Kg6 37. c4 Re7 38. Kf3 Kh5 39. g3 g5
40. hxg5 hxg5 41. Re5 Rc7 42. d5 g4+ 43. Ke3 Rxc4 44. dxe6 Rc8 45. Rxf5+ Kg6
46. Re5 Kf6 47. e7 Re8 48. Ke4 Kf7 49. f5 1-0

[Event "Weekend Accademia"]
[Site "Roma ITA"]
[Date "1996.??.??"]
[Round "3"]
[White "Melega, Gianluigi"]
[Black "Piancatelli, Marco"]
[Result "0-1"]
[WhiteElo "1513"]
[BlackElo "1870"]
[PlyCount "80"]
[EventDate "1996.??.??"]

1. g4 d5 2. Bg2 e5 3. c4 d4 4. Qb3 c6 5. d3 Na6 6. Nf3 Qc7 7. h3 Ne7 8. Nbd2 h5
9. g5 Nc5 10. Qc2 Ng6 11. Ne4 Nxe4 12. dxe4 Bb4+ 13. Kf1 h4 14. a3 Be7 15. e3
c5 16. Bd2 a5 17. Rc1 O-O 18. b3 Bd7 19. a4 dxe3 20. Bxe3 Rfd8 21. Ke2 Bc6 22.
Rhe1 b6 23. Kf1 Qb7 24. Nd2 Nf8 25. Qc3 Qc7 26. Qc2 Rd7 27. Nf3 Ng6 28. Kg1
Rad8 29. Re2 Qb7 30. Nd2 Nf8 31. f4 exf4 32. Bxf4 Ne6 33. Nf3 Nxf4 34. Nxh4
Nxe2+ 35. Qxe2 Bxg5 36. Qe1 Bxh4 37. Qxh4 Rd1+ 38. Rxd1 Rxd1+ 39. Kf2 Qd7 40.
Bf3 Qd2+ 0-1

[Event "Weekend Accademia"]
[Site "Roma ITA"]
[Date "1996.??.??"]
[Round "3"]
[White "Michelena, Rodolfo"]
[Black "Mondello, Gabriele"]
[Result "0-1"]
[WhiteElo "1810"]
[BlackElo "1789"]
[PlyCount "48"]
[EventDate "1996.??.??"]

1. d4 f5 2. c4 e6 3. Nc3 Bb4 4. g3 Nf6 5. a3 Bxc3+ 6. bxc3 Ne4 7. Qc2 b6 8. Bg2
Bb7 9. Nf3 Nc6 10. Nd2 Nxd2 11. Bxd2 Nxd4 12. cxd4 Bxg2 13. Rg1 Bb7 14. f3 O-O
15. g4 Qh4+ 16. Kd1 Qf2 17. Re1 fxg4 18. Qd3 gxf3 19. Kc2 Qh4 20. d5 exd5 21.
cxd5 Qa4+ 22. Kb2 Ba6 23. Qc3 f2 24. Bh6 Qb5+ 0-1

[Event "Weekend Accademia"]
[Site "Roma ITA"]
[Date "1996.??.??"]
[Round "3"]
[White "Pantano, Fulvio"]
[Black "Righetti, Gianfranco"]
[Result "1-0"]
[WhiteElo "1636"]
[BlackElo "1594"]
[PlyCount "49"]
[EventDate "1996.??.??"]

1. e4 e5 2. Nf3 d5 3. Nxe5 dxe4 4. d4 Bd6 5. Bf4 Nf6 6. Bc4 O-O 7. O-O Bg4 8.
Qc1 Nbd7 9. Re1 Qe7 10. Nxg4 Nxg4 11. Nc3 Ngf6 12. a3 Rfe8 13. f3 Nb6 14. Bb3
Bxf4 15. Qxf4 e3 16. Re2 Rad8 17. Rae1 Qd7 18. Rd1 Qe7 19. Rde1 Qd7 20. Rxe3
Rxe3 21. Rxe3 Qxd4 22. Qxd4 Rxd4 23. Re7 Nbd5 24. Nxd5 Nxd5 25. Re8# 1-0